| 000 | 00769nam a2200217 a 4500 | ||
|---|---|---|---|
| 001 | 85354 | ||
| 003 | BD-RjUL | ||
| 005 | 20250729122118.0 | ||
| 008 | 250729s2025 bg ||||| |||| 00| 0 ben d | ||
| 035 | _a(BD-RjUL)85354 | ||
| 040 |
_aBD-RjUL _beng _cBD-RjUL |
||
| 041 | _aben | ||
| 082 |
_223 _a891.441 _bKAP 2025 |
||
| 100 |
_aকামাল, মাহবুব _916324 |
||
| 245 |
_aফিলিস্তিন এক মহাকাব্য / _cমাহবুব কামাল |
||
| 260 |
_aঢাকা : _bবুক পয়েন্ট পাবলিকেশন, _c২০২৫ |
||
| 300 |
_a৮০ পৃ. _bচিত্রসমূহ; _c২২ সেমি. |
||
| 650 | _aবাংলা কবিতা | ||
| 650 | _aBengali poetry | ||
| 942 |
_2ddc _cBK |
||
| 999 |
_c85354 _d85354 |
||